[Event "Tata Steel-A 78th"]
[Site "Wijk aan Zee"]
[Date "2016.01.31"]
[Round "13"]
[White "Carlsen, Magnus"]
[Black "Ding, Liren"]
[Result "1/2-1/2"]
[WhiteElo "2844"]
[BlackElo "2766"]
[Annotator "Marin,Mihail"]
[PlyCount "197"]
[EventDate "2016.01.16"]
[EventType "tourn"]
[EventRounds "13"]
[EventCountry "NED"]
[EventCategory "20"]
[SourceTitle "CBM 171"]
[Source "ChessBase"]
[SourceDate "2016.03.14"]
[SourceVersion "2"]
[SourceVersionDate "2016.03.14"]
[SourceQuality "1"]

1. e4 e5 2. Nf3 Nc6 3. Bb5 a6 4. Ba4 Nf6 5. O-O Nxe4 6. d4 b5 7. Bb3 d5 8. dxe5 Be6 9. Nbd2 Nc5 10. c3 Be7 11. Bc2 d4 12. Nb3 d3 13. Nxc5 dxc2 14. Qxd8+ Rxd8 15. Nxe6 fxe6 16. Be3 Rd5 17. Rfc1 Nxe5 18. Nxe5 Rxe5 19. Bd4 Rg5 20. Rxc2 Kf7 21. Be3 {For earlier deviations and So's novelty 21...h5 see Adams,M (2744)-So,W (2773) Wijk aan Zee 2016 CBM 171 [Marin] played in the same round.} Re5 {There is a good question about the best path for the rook to get back into play. Abstractly, the game move may look like a slight concession as the same position can be achieved if Black meets the immediate capture 19.xc2 with 19...f7. In the notes to the aforementioned game I have examined 19...0-0 which seems best. But for White it is not easy to take advantage of this small achievement.} (21... Rd5 {exposes the rook to} 22. c4 bxc4 (22... Rd7 23. cxb5 axb5 24. Rac1 Ra8 25. Rxc7 Rxc7 26. Rxc7 Rxa2 27. g3 Ke8 28. Bd4 g5 29. Rb7 b4 30. Kg2 $14) 23. Rxc4 Bd6 24. b3 Rb8 25. Rac1 Ke7 26. Kf1 Kd7 27. Ke2 $14 {Nisipeanu,L (2668)-Svetushkin,D (2604) Predeal 2007 (1-0, 50), and Black eventually went down due to his numerous weaknesses.}) (21... Rg4 {misplaces the rook slightly.} 22. b3 $1 (22. Rd1 Rc4 23. Rcd2 Bd6 24. g3 a5 $132 {[%csl Gc4]}) 22... Rd8 23. g3 e5 {Black needs to weaken his e-pawn even more in order to clear the rook's path.} (23... Re4 $6 24. Bf4 $1 {[%cal Gf2f3] more or less wins the exchange}) 24. Kg2 Rg6 25. c4 Rc6 26. Rac1 b4 27. c5 Rf6 28. Rc4 a5 29. Re4 Rd5 30. a3 bxa3 31. Ra4 Rd3 32. Rxa3 a4 33. Rxa4 Rxb3 34. h4 Rd3 35. Ra7 Rc6 36. Kf3 Ke6 37. Ke4 $14 {Adams,M (2724)-Smeets,J (2538) London 2007 (1-0, 47)}) 22. c4 b4 {There is no other way to keep the integrity of the queenside structure, but placing a pawn on a dark square implies certain strategic risk.} 23. Rd1 Rd8 24. Rxd8 Bxd8 25. Kf1 (25. Rd2 Ke8 26. Kf1 Bg5 $11 {Kosintseva,N (2528)-Koneru,H (2589) Kazan 2012 (½-½, 40)}) 25... Bg5 26. Bd4 ({Sutovsky's favourite is} 26. Ba7 Be7 (26... h5 27. Bb8 Rc5 28. Ke2 Bf4 29. g3 Bd6 30. f4 g5 31. Ba7 Rf5 32. fxg5 Rxg5 33. Be3 {Sutovsky,E (2642)-Haba,P (2488) Austria 2015 (1-0, 56)} Rf5 34. Kd3 Bc5 $11) (26... Rf5 {Xie,J (2530)-Polgar,Z (2550) Jaen 1996 CBM 052 [Ftacnik,L] (½-½, 46)}) 27. Re2 Rf5 {Sutovsky,E (2665)-Sorokin,M (2599) Sochi 2005 CBM 107 [Postny,E] (1-0, 45)}) 26... Ra5 27. b3 Bf6 28. Be3 Bg5 $5 $146 {As known from the comments to the aforementioned Adams-So, Black is interested in exchanging bishops.} (28... Rh5 29. h3 a5 30. Ke2 a4 $6 31. Kd3 Ke8 (31... axb3 32. axb3 Ke8 33. Bd2 Be7 34. Ra2) 32. bxa4 $5 Ra5 33. c5 Rxa4 34. Kc4 Bc3 35. Bd2 Kd7 36. Bxc3 bxc3+ 37. Kb3 Rf4 38. f3 Kc6 39. Rxc3 $14 {Potkin,V (2556)-Amin,B (2453) Abu Dhabi 2006 (1-0, 56)}) 29. f4 Be7 30. g4 $146 {White has gained kingside space, but his pawns are vulnerable to exchanges, helping Black to get rid of some of his weaknesses.} ({RR} 30. g3 g6 31. Ke2 {½-½ (31) Quparadze,G (2509)-Tutisani,N (2452) Marmaris 2018}) 30... h5 31. h3 g6 {Of course it would not make sense to open the h-file in a moment when the white rook could be transferred to it along the second rank.} 32. Ke2 hxg4 33. hxg4 e5 34. Kf3 exf4 35. Bxf4 {Black has rid himself of several weaknesses and his position looks safe enough. But White has some initiative now and the b4-pawn still is a problem.} Bd6 $1 (35... c6 $6 {exposes the rook too much.} 36. Ke4 Ke6 37. Bc7 Rg5 $2 ({Relatively better is} 37... Ra3 {without a clear white win yet, but it certainly is risky playing with the caged rook.}) 38. Kf4 Rc5 (38... Bf6 39. Re2+ Kd7 40. Be5 {[%csl Gg5] General exchanges obviously lose while otherwise the rook remains in a miserable position.}) 39. Re2+ Kf6 40. Rxe7 Kxe7 41. Bb6 {A fantastic trapping of the rook!}) 36. c5 $5 {An interesting resource for keeping the fight alive.} (36. Bxd6 cxd6 37. Kf4 Re5 38. Rh2 g5+ 39. Kf3 Ke6 40. Rh6+ Kd7 41. Rh7+ Ke6 42. Ra7 Ra5 43. Rb7 Rxa2 44. Rxb4 Ke5 $11) 36... Bxc5 $1 {The best practical decision.} ({It certainly makes no sense depriving himself of the dynamic resource yielded by the pressure on a2. After} 36... Rxc5 37. Rxc5 Bxc5 38. Bxc7 {the bishop ending looks suspicious for Black, even though it seems that White only has practical chances:} Kf6 39. Bf4 Ke6 40. Ke4 Bb6 41. Bd2 Bc5 (41... a5 42. Bf4 $22 {In order to avoid c7xa5, Black needs to clear the king's path to b5 with a bishop retreat.}) 42. Bh6 Be7 (42... Bf2 43. Bf8 Be1 44. Kd4 {is similar}) 43. Kd4 Kd6 44. Bd2 Ke6 45. Kc4 Ke5 46. Bxb4 Bxb4 47. Kxb4 Kf4 48. Ka5 Kxg4 49. Kxa6 g5 50. b4 Kf3 51. b5 g4 52. b6 g3 53. b7 g2 54. b8=Q g1=Q {The endgame is drawn, but why suffer for 200 moves or so to prove it, with the obvious risk of stumbling along the way?}) 37. Bxc7 Rb5 38. Ke4 Ke6 39. Bf4 Ra5 40. Bd2 Be7 {Offering White some chances.} (40... Rb5 $5) 41. Rc6+ Kd7 42. Rxg6 Rxa2 43. Bf4 Ra3 44. g5 Rxb3 45. Rb6 Bxg5 {Another practical decision. Ding Liren knew how to defend with a rook versus a rook and a bishop so he does not risk getting into some study like ending.} ({But objectively} 45... a5 {should also draw:} 46. g6 Rb1 47. Kf5 Rg1 48. Rb7+ Ke8 49. Be3 (49. Bh6 Rf1+) 49... Rg2 50. Bh6 a4 51. Rb8+ Kd7 52. g7 b3 53. g8=Q Rxg8 54. Rxg8 b2 55. Rb8 a3 56. Bg7 Bf8 $5 57. Bc3 (57. Bxf8 $6 a2) 57... Bh6 58. Ke4 (58. Bxb2 $11) 58... Bc1 59. Kd3 a2 $1 {Right in time!} 60. Rxb2 a1=Q 61. Rb7+ {Unfortunately, the black king is too close to the rook.} Kc6 62. Bxa1 Kxb7 $11) 46. Bxg5 a5 47. Ra6 a4 48. Rxa4 Kc6 49. Ra5 Ra3 50. Rf5 b3 51. Bf6 Ra2 52. Bd4 b2 53. Rc5+ Kb6 54. Rc3+ Kb5 55. Rb3+ Kc4 56. Rb8 b1=Q+ 57. Rxb1 Re2+ {Ding Liren chooses one of the two possible defensive systems, the second rank setup.} ({I find the other plan simpler:} 57... Rh2 58. Rc1+ Kb5 59. Kd5 Rh5+ 60. Be5 Ka5 61. Rb1 Rg5) 58. Be3 Rc2 59. Rb8 Kc3 60. Rc8+ Kb3 61. Bc5 Kc4 62. Rc7 Kc3 63. Kd5 Kd3 64. Rh7 Re2 65. Rh3+ Kc2 66. Kc4 Re4+ 67. Bd4 Kd2 68. Rh2+ Re2 69. Rh4 Rg2 70. Re4 Re2 71. Bc3+ Kd1 72. Rf4 Kc2 73. Rd4 Rf2 74. Rd3 Re2 75. Bd4 Re4 76. Ra3 Re2 77. Be3 Kd1 78. Rd3+ (78. Kd3 Rd2+ $1) 78... Ke1 79. Rc3 Kf1 80. Kd3 Ra2 81. Rc1+ Kg2 82. Ke4 Kg3 83. Rc8 Rg2 84. Rf8 Kg4 85. Bf2 Kh3 86. Kf3 Rg3+ 87. Kf4 Rg4+ 88. Kf5 Rg7 89. Bd4 Rg3 90. Be5 Rf3+ 91. Bf4 Kg2 92. Kg4 Rf2 93. Rh8 Re2 94. Rh3 Kf2 95. Rf3+ Kg2 96. Be3 Rc2 97. Rg3+ Kf1 98. Kf3 Rf2+ 99. Bxf2 1/2-1/2

[Event "Norway Chess 4th"]
[Site "Stavanger"]
[Date "2016.04.21"]
[Round "3"]
[White "Carlsen, Magnus"]
[Black "Grandelius, Nils"]
[Result "1-0"]
[WhiteElo "2851"]
[BlackElo "2649"]
[Annotator "Nielsen,Peter Heine"]
[PlyCount "75"]
[EventDate "2016.04.19"]
[EventType "tourn"]
[EventRounds "9"]
[EventCountry "NOR"]
[EventCategory "21"]
[SourceTitle "CBM 172"]
[Source "ChessBase"]
[SourceDate "2016.05.12"]
[SourceVersion "1"]
[SourceVersionDate "2016.05.12"]
[SourceQuality "1"]

{Magnus had a good start to Norway Chess, beating Harikrishna and then drawing with a very solidity minded Topalov. Next was the young Swedish top player Grandelius who in the qualifier had edged out local favourite Hammer. Nils announced at the press-conference that he was afraid of no-one, and would stay loyal to his style, and certainly kept his word even when facing the World Champion:} 1. e4 c5 2. Nf3 Nf6 $6 {A line the Swedish team had prepared for the 2015 European championship in Reykjavik, and with which he made a draw against Adams. After the game he was asked when he made his mistake, and said " On move two!" It is true that the line most likely is dubious, but the decisive mistake did only come later though.} 3. e5 $1 {Part of the reason that 2...f6 is not very popular is that after 3.c3 Black's best option most likely is just 3...d6 which after 4.d4 transposes back to main-line Sicilians as in the Grandelius game with e.g. Harikrishna recently. However Nils' clever point is that then he would have avoided Magnus' pet-line 3.b5+! But 3.c3 in a way is kind of the lazy reaction to 2...f6, so one could argue that Nils actually forces Magnus to play the best move!} Nd5 4. Nc3 Nxc3 (4... e6 {used to be Black's try years back, when:} 5. Nxd5 exd5 6. d4 Nc6 7. dxc5 Bxc5 8. Qxd5 Qb6 9. Bc4 $1 {led to complications favourable for White, which lead to Black players abandoning the line.}) 5. dxc3 Nc6 6. Bf4 Qb6 $5 {This however is Black's new idea, resurrecting the line. Earlier Black played a setup with the queen on c7 followed by long castling, but then White gets easy development with d3 e2 0-0-0 etc. Now however Black tries forcing a weakness. If after 7.b1 long castling is ruled out altogether, and 7.b3 at least gives Black a target on c3 White should aim for 0-0-0. Which lead Magnus to the conclusion that...} 7. Qc1 $5 {was the way to handle the position. Of course the queen can be said to be awkwardly placed on c1, but despite the d-file being open it was not of much use there anyway, and while 0-0-0 being as a minimum postponed, White does have the simple plan of d3 and 0-0, while on the other hand for Black it is much harder to come up when a sensible way to finish his development.} f6 $5 {Nils took his time, and then played the principled move. Ipatov has tried 7...h6 8.h4 d5 but after 9.exd6 exd6 10.e3+ is an obvious improvement with a pleasant position for White. Now however Black tries undermining the white centre. Intending either the bold ...g5 as well as ...d6 exd6 e5!.} 8. Bc4 $5 {A logical developing move, that makes 8...d6 look less attractive as: 9.exf6 gxf6 10.e3!? when despite Black getting his huge centre, it looks more like White's speedy development is the relevant factor. Black might have to play 10...e5, but then White gets a grip on the white squares in return. Nils shows no fear, and again plays the principled move:} g5 $5 9. Bg3 $5 (9. exf6 {was a similar piece sacrifice to the game. After} gxf4 10. Qxf4 {it even looks like White has won some time, but the knight on f3 is a less strong attacking piece than the bishop on g3, and concretely after} Na5 $1 {there seems to be no effective follow-up for White.}) 9... g4 10. exf6 $1 {I praised Nils' courage, but one has to give credit for Magnus' lack of fear too. The piece sacrifice is purely intuitive, believing White's compensation to be sufficient.} gxf3 11. Qf4 $5 {Played quickly, and very much planned when sacrificing the piece. It aims at both the f7- and c7-squares, hoping to catch the black king in the centre, and not caring about Black getting a tempo to take on g2. White however had an interesting alternative, and if 12...h5! seems to hold in the game continuation, 11.0-0 might actually be very relevant for the theoretical debate of 2...f6, should such a debate exist...} ({After} 11. O-O {The best seems to be} Na5 $1 {when} (11... fxg2 12. Re1 {just helps White.}) ({So Black should either go for} 11... e6 {when however} 12. Qf4 {looks very dangerous for Black as e.g} Kf7 13. Rad1 d5 $2 (13... Na5 14. Bd3) 14. Rxd5 $1 {crashes through.}) 12. f7+ Kd8 13. Bd5 Qg6 {looks like the critical line with a strange position where to me it looks like White has at least sufficient compensation for the sacrificed piece.}) 11... fxg2 $5 {Greedy and good.} ({If directly} 11... Na5 {then Magnus pointed out in the post mortem that} {, however} 12. f7+ $1 (12. fxe7 Bxe7 13. Bf7+ Kf8 $1 {was an important resource for Black, as he should not fear the discovered check, and now threatens ...f6 consolidating, practically speaking forcing White to give a perpetual.} (13... Kd8 14. O-O $18) 14. Be6+ $11) 12... Kd8 13. Bd5 {gives White great compensation similar to the game.}) (11... h5 {allows White options with 0-0 making ...h5 lose its point, so Black's move order is the correct one.}) 12. Rg1 Na5 $146 {A very logical move, but possibly the losing mistake!} ({The absolutely only way is} 12... h5 $1 {stopping long castling due to ...h6 as well as having the option of disturbing the white bishop by ...h4.} {The best probably is} 13. Rxg2 $5 {when} (13. fxe7 Bxe7 14. Qf7+ ({and also} 14. O-O-O Kd8 {seems to hold up decently as well}) 14... Kd8 15. Qg7 Re8 16. O-O-O Na5 17. Bf7 Qf6 $1 {defends just in time.}) ({Trying to continue similarly to the game with} 13. f7+ $6 Kd8 14. O-O-O {runs into} ({and} 14. Rxg2 d6 15. O-O-O Kc7 16. Bh4 Bg4 {also defends well.}) 14... h4 $1 15. Bxh4 Qc7 $1 {when White's attack seems too slow.}) 13... Kd8 $1 14. fxe7+ (14. O-O-O $6 Bh6 15. Qxh6 Rxh6 16. Bf4 d6 {unfortunately defends}) 14... Bxe7 15. O-O-O h4 16. Bxh4 Bxh4 17. Rg8+ Rxg8 18. Qxh4+ Kc7 19. Bxg8 {which leads to an equal position. Black has an extra piece but White's attack and the h-pawn balances the position.}) ({RR} 12... h5 13. Rxg2 Kd8 14. f7 h4 {½-½ (14) Filip,A (2175)-Ghimpu,S (2431) Mamaia 2021}) ({RR} 12... h5 13. Rxg2 Kd8 14. f7 h4 {½-½ (14) Filip,A (2175)-Ghimpu,S (2431) Mamaia 2021}) 13. f7+ (13. fxe7 Bxe7 14. Bf7+ Kf8 $1 {again is strong, forcing White to limit himself to a draw by perpetual check.}) 13... Kd8 14. Bd5 {A key position in the game. At first it looks like Black has survived the worst. His king will be safe on c7, and having "lured" White's pawn to f7, his e7-d6-c5 construction looks solid. At first the computer agrees, but after a few minutes comes to the realisation that White is winning. Grandelius thought for half an hour, but came to the same result. Yes Black's king is safe, but there is no reasonable plan for stopping a White rook from invading on g8.} Bh6 $6 {Nils decided to sacrifice a rook for some counterplay, but it is insufficient.} (14... d6 15. O-O-O Kc7 16. Rxg2 Bh3 17. Rgg1 {is the illustrative mainline. After} Nc6 {he even pauses for} 18. Kb1 {as then} Ne5 ({and} 18... Bd7 19. Bh4 Ne5 20. Rg8 Ng6 21. Qe4 Bc6 22. c4 {leaves Black in a hopeless position, despite his extra piece.}) {is met by} 19. Qh4 $1) 15. Qe5 Rf8 16. Bh4 $1 {This is the problem. Mate is threatened on e7, and Black has to give up the rook to lure the white bishop away from attacking the c6-square as 16...c6 17.xc6 xf7 18.xg2 wins on the spot.} Rxf7 17. Bxf7 Nc6 18. Qg3 Qxb2 19. Rd1 Qxc2 20. Bd5 {Materialistically speaking it is not that bad for Black, but add on top a white attack, and the overall situation becomes hopeless.} Qf5 21. Rxg2 Bf4 22. Qf3 $5 (22. Qxf4 $5 Qxf4 23. Rg8+ Kc7 24. Bg3 {was simple and strong, but Magnus plays for the maximum.}) 22... Kc7 23. Rg5 Qf8 24. Bg3 $6 {After the game he expressed his dissatisfaction with this inacurracy. Taking on c6 first, and only then g3 would have been simpler.} e5 25. Rh5 $6 (25. Bxc6 $1 {actually was still possible, as Nils intended:} Qe7 $5 {while tactically creative, getting out of the f-file pin, and preparing a discovered check in the e-line, still falls short after} 26. Rh5 dxc6 27. Qe4 $1 {attacking h7, and thus winning comfortably for White.}) 25... a5 26. Rxh7 Ra6 27. Rf7 Qe8 28. Kf1 Bxg3 29. hxg3 Qh8 30. Kg2 Nd8 31. Rf8 Qg7 32. Rh1 Rh6 33. Rxh6 Qxh6 34. Qf6 Qxf6 35. Rxf6 d6 36. Kf3 b5 37. g4 Kd7 38. Rh6 {And here Grandelius resigned. Even if the rather dull technical phase in the end dragged out the game a bit, the fireworks right at the start made it an amazing and atypical game for a supertournament, and gave Magnus a tournament lead, which he kept till the end.} 1-0

[Event "Norway Chess 4th"]
[Site "Stavanger"]
[Date "2016.04.24"]
[Round "5"]
[White "Carlsen, Magnus"]
[Black "Giri, Anish"]
[Result "1/2-1/2"]
[WhiteElo "2851"]
[BlackElo "2790"]
[PlyCount "95"]
[EventDate "2016.04.19"]
[EventType "tourn"]
[EventRounds "9"]
[EventCountry "NOR"]
[EventCategory "21"]
[SourceTitle "CBM 172"]
[Source "ChessBase"]
[SourceDate "2016.05.12"]
[SourceVersion "1"]
[SourceVersionDate "2016.05.12"]
[SourceQuality "1"]

1. e4 e5 2. Nf3 Nc6 3. Bb5 a6 4. Ba4 Nf6 5. d3 b5 6. Bb3 Bc5 7. Nc3 d6 8. Nd5 h6 9. c3 O-O 10. O-O Rb8 11. Re1 ({RR} 11. Nxf6+ Qxf6 12. h3 Ne7 13. d4 Bb6 14. Be3 Ng6 15. a4 Nf4 16. a5 exd4 17. Bxf4 Qxf4 18. axb6 Rxb6 19. Qxd4 Bxh3 20. e5 Qxd4 21. cxd4 Bg4 22. Rfc1 Rc8 23. exd6 Bxf3 24. gxf3 Rxd6 25. d5 c5 {Caruana,F (2808)-Mamedyarov,S (2800) Paris 2017 1-0 (45)}) 11... Ba7 ({RR} 11... Re8 12. h3 Ba7 13. a4 b4 14. Bd2 bxc3 15. Bxc3 Nxd5 16. Bxd5 Ne7 17. Bc4 Ng6 18. Rb1 Qf6 19. Bd2 Nf4 20. Bxf4 Qxf4 21. Qd2 Qf6 22. Nh2 a5 23. Bb5 Rd8 24. Rf1 Bb6 25. Qe2 Bc5 26. Kh1 {Obgolts,E (2377)-Parpiev,I (2380) Sochi RUS 2025 0-1 (47)}) 12. Be3 Bxe3 13. Rxe3 $146 ({RR} 13. Nxe3 Na5 14. Bc2 c5 15. d4 Nc6 16. d5 Ne7 17. a4 Ng4 18. Nxg4 Bxg4 19. axb5 axb5 20. Qd3 c4 21. Qd1 f5 22. h3 fxe4 23. Bxe4 Bf5 24. Nd2 Qb6 25. Re3 Rf6 26. Rf3 Rbf8 27. Bxf5 Rxf5 {Aronian,L (2775)-Mamedyarov,S (2758) Saint Louis 2022 1-0 (43)}) ({RR} 13. Nxe3 Re8 14. Nh4 Na5 15. Bc2 Nxe4 16. Nhf5 Nf6 17. b4 Nc6 18. Qf3 d5 19. Qg3 g6 20. Nxh6+ Kg7 21. Nef5+ Kf8 22. Nh4 Nh5 23. Nxf7 Qf6 24. Ng5 Kg7 25. Qe3 Bd7 26. Nhf3 Re7 27. a4 Rbe8 {Calzetta Ruiz,M (2251)-Cuenca Jimenez,J (2523) Marbella 2019 0-1 (44)}) 13... Na5 14. Bc2 c5 15. b4 cxb4 16. Nxb4 Qc7 17. Qd2 Nc6 18. Nxc6 Qxc6 19. h3 Be6 20. d4 Qc7 21. Bb3 Rfe8 22. Bxe6 Rxe6 23. a4 exd4 24. Qxd4 bxa4 25. Qxa4 Rbe8 26. Qxa6 Rxe4 27. Rxe4 Rxe4 28. Qd3 Re8 29. Nd4 d5 30. Nf5 Qf4 31. g3 Qe4 32. Rd1 Qxd3 33. Rxd3 Kf8 34. f3 Ra8 35. g4 Ra3 36. Kf2 h5 37. Ke3 g6 38. Nd4 hxg4 39. hxg4 Nd7 40. Nb5 Rb3 41. Rxd5 Nb6 42. Rc5 Na4 43. Rc8+ Kg7 44. Rc4 Nb6 45. Rc5 Na4 46. Rc4 Nb6 47. Rc5 Na4 48. Rc4 1/2-1/2